Protestantisme, libéralisme, œcuménisme (notice n° 2223311)

détails MARC
000 -LEADER
fixed length control field 02056cam a2200169 4500500
005 - DATE AND TIME OF LATEST TRANSACTION
control field 20260426011149.0
041 ## - LANGUAGE CODE
Language code of text/sound track or separate title fre
042 ## - AUTHENTICATION CODE
Authentication code dc
100 10 - MAIN ENTRY--PERSONAL NAME
Personal name Gruson, Pascale
Relator term author
245 00 - TITLE STATEMENT
Title Protestantisme, libéralisme, œcuménisme
260 ## - PUBLICATION, DISTRIBUTION, ETC.
Date of publication, distribution, etc. 2001.<br/>
500 ## - GENERAL NOTE
General note 7
520 ## - SUMMARY, ETC.
Summary, etc. RésuméDès le moment de la Réforme, l’Église protestante s’est constituée en une communauté plurielle, marquée par des sensibilités diverses. Cette diversité paraît justifier le constat de tendances plus libérales marquant une confiance plus optimiste dans les capacités d’action des hommes, tandis que des tendances plus doctrinales soulignent plus volontiers le poids du mal. Après le rappel des caractéristiques et développements d’une tradition libérale moderne au XIXe siècle, avec l’évocation de la figure d’Harnack, l’auteur soulève la question des rapports de cette tradition avec le mouvement œcuménique, rapports marqués par les événements liés aux deux Guerres mondiales, ce qui lui fait évoquer en terminant la figure de Karl Barth.
520 ## - SUMMARY, ETC.
Summary, etc. From the moment of the Reformation the Protestant Church constituted itself into a plural community, marked by diverse sensibilities. This diversity appears to justify the appearance of more liberal tendencies, which indicate a more optimistic confidence in the capacities of men’s actions, while the more doctrinal tendencies readily underline the weight of evil. After recalling the characteristics and developments of the modern liberal tradition in the 19th century, evoking the personage of Harnack, the author raises the question of the relationships of this tradition with the ecumenical movement. These relationships were effected by the events related to the two World Wars, which leads the author to refer, at the end, to Karl Barth.
786 0# - DATA SOURCE ENTRY
Note Recherches de Science Religieuse | 89 | 2 | 2001-06-01 | p. 205-224 | 0034-1258
856 41 - ELECTRONIC LOCATION AND ACCESS
Uniform Resource Identifier <a href="https://shs.cairn.info/revue-recherches-de-science-religieuse-2001-2-page-205?lang=fr&redirect-ssocas=7080">https://shs.cairn.info/revue-recherches-de-science-religieuse-2001-2-page-205?lang=fr&redirect-ssocas=7080</a>

Pas d'exemplaire disponible.

PLUDOC

PLUDOC est la plateforme unique et centralisée de gestion des bibliothèques physiques et numériques de Guinée administré par le CEDUST. Elle est la plus grande base de données de ressources documentaires pour les Étudiants, Enseignants chercheurs et Chercheurs de Guinée.

Adresse

627 919 101/664 919 101

25 boulevard du commerce
Kaloum, Conakry, Guinée

Réseaux sociaux

Powered by Netsen Group @ 2025